| 000 | 01211nam a2200289 i 4500 | ||
|---|---|---|---|
| 001 | 20526 | ||
| 003 | ES-MaACL | ||
| 005 | 20231221152501.0 | ||
| 007 | t| | ||
| 008 | 151019s2011 sp ||||1| spa d | ||
| 020 | _a978-84-8154-301-8 | ||
| 080 | _a342.36(460)"04/14" | ||
| 080 | _a342.53(460)"04/14" | ||
| 100 | 1 |
_aAlcalá Zamora, Niceto, _d1877-1949 _919473 |
|
| 245 | 1 | 3 |
_aEl poder en los Estados de la Reconquista / _cNiceto Alcalá-Zamora y Torres ; estudio, edición y notas de Félix Córdoba Rodríguez. |
| 260 |
_a[Córdoba] : _bDiputación Provincial de Córdoba ; _a[Priego de Córdoba] : _bPatronato Municipal Niceto-Alcalá Zamora y Torres, _c2011. |
||
| 300 |
_a86 p. ; _c24 cm. |
||
| 490 | 1 | _aObra completa / Niceto Alcalá-Zamora y Torres | |
| 650 | 4 |
_aMonarquía- _zEspaña- _yS.V-XV. _9157921 |
|
| 650 | 4 |
_aParlamentos- _zEspaña- _yS.V-XV. _9157922 |
|
| 700 | 1 |
_aCórdoba Rodríguez, Félix. _9157923 |
|
| 830 | 0 |
_aObra completa / Niceto Alcalá-Zamora y Torres _9226380 |
|
| 852 |
_aES-MaACL _jA-13588 _921236 _bR.150796 _cDEPO1 _dOlim: N-6588 _hDonación: Real Academia Española |
||
| 914 |
_96336 _aReal Academia Española _ednr |
||
| 942 |
_2udc _cMONOGRAFIA |
||
| 999 |
_c20526 _d20526 |
||